[Event "4NCL 2019-20"]
[Site "Daventry"]
[Date "2020.02.09"]
[Round "6"]
[White "Eggleston, David J"]
[Black "Dong, Bao Nghia"]
[Result "0-1"]
[WhiteElo "2396"]
[BlackElo "2209"]
[Annotator "ChessBase"]
[PlyCount "131"]
[EventDate "2020.01.11"]
[EventCountry "ENG"]
[SourceTitle "playchess.com"]
[Source "ChessBase"]
[SourceQuality "1"]
[TimeControl "40/6000:3000+30"]

1. e4 {[%emt 0:00:00]} e6 {[%emt 0:00:09]} 2. d4 {[%emt 0:00:11]} d5 {[%emt 0:00:00]} 3. Nc3 {[%emt 0:00:00]} dxe4 {[%emt 0:00:00]} 4. Nxe4 {[%emt 0:00:00]} Bd7 {[%emt 0:00:00]} 5. Nf3 {[%emt 0:00:00]} Bc6 {[%emt 0:00:00]} 6. Bd3 {[%emt 0:00:00]} Nd7 {[%emt 0:00:00]} 7. O-O {[%emt 0:00:00]} Ngf6 {[%emt 0:00:00]} 8. Ng3 {[%emt 0:01:22]} g6 {[%emt 0:00:00]} 9. Qe2 {[%emt 0:06:22]} Bg7 {[%emt 0:00:42]} 10. Ne5 {[%emt 0:01:13]} Nxe5 {[%emt 0:00:09]} 11. dxe5 {[%emt 0:00:00]} Nd5 {[%emt 0:00:24]} 12. a3 {[%emt 0:03:41]} Qh4 {[%emt 0:08:02]} 13. f4 {[%emt 0:01:27]} a5 {[%emt 0:07:41]} 14. Ne4 {[%emt 0:05:24]} Ne7 {[%emt 0:06:19]} 15. Ng5 {[%emt 0:36:00]} Nf5 {[%emt 0:01:33]} 16. Bb5 {[%emt 0:00:00]} Nd4 {[%emt 0:15:00]} 17. Bxc6+ {[%emt 0:00:00]} Nxc6 {[%emt 0:00:00]} 18. g3 {[%emt 0:15:38]} Qh5 {[%emt 0:00:00]} 19. Qxh5 {[%emt 0:01:59]} gxh5 {[%emt 0:00:00]} 20. f5 {[%emt 0:05:34]} exf5 {[%emt 0:14:20]} 21. Rxf5 {[%emt 0:00:04]} Bxe5 {[%emt 0:00:00]} 22. Nxf7 {[%emt 0:04:37]} Bd4+ {[%emt 0:00:00]} 23. Kg2 {[%emt 0:00:00]} Rf8 {[%emt 0:00:00]} 24. Nh6 {[%emt 0:01:16]} O-O-O {[%emt 0:00:00]} 25. c3 {[%emt 0:01:28]} Bb6 {[%emt 0:00:25]} 26. Bg5 {[%emt 0:01:22]} Rxf5 {[%emt 0:00:09]} 27. Nxf5 {[%emt 0:00:00]} Rd5 {[%emt 0:00:00]} 28. Rf1 {[%emt 0:00:00]} Re5 {[%emt 0:00:00]} 29. Kh3 {[%emt 0:03:34]} Re2 {[%emt 0:00:00]} 30. Ng7 {[%emt 0:00:58]} Ne5 {[%emt 0:02:06]} 31. Nxh5 {[%emt 0:00:24]} Rxb2 {[%emt 0:00:22]} 32. Nf6 {[%emt 0:01:02]} Bc5 {[%emt 0:00:20]} 33. a4 {[%emt 0:01:57]} b5 {[%emt 0:00:00]} 34. Ne4 {[%emt 0:01:01]} Bb6 {[%emt 0:00:51]} 35. axb5 {[%emt 0:00:00]} h5 {[%emt 0:03:35]} 36. Nf6 {[%emt 0:00:25]} Rxb5 {[%emt 0:01:39]} 37. Rf5 {[%emt 0:01:42]} c6 {[%emt 0:00:00]} 38. Ne4 {[%emt 0:00:48]} Nc4 {[%emt 0:00:42]} 39. Rf8+ {[%emt 0:00:00]} Kb7 {[%emt 0:00:47]} 40. Rf7+ {[%emt 0:00:00]} Ka6 {[%emt 0:00:00]} 41. Rf6 {[%emt 0:13:18]} Re5 {[%emt 0:01:10]} 42. Nd2 {[%emt 0:03:05]} Nxd2 {[%emt 0:00:16]} 43. Bxd2 {[%emt 0:00:05]} Re2 {[%emt 0:00:04]} 44. Bf4 {[%emt 0:07:53]} a4 {[%emt 0:03:10]} 45. Bd6 {[%emt 0:00:04]} Kb5 {[%emt 0:00:47]} 46. Ba3 {[%emt 0:03:28]} Bg1 {[%emt 0:00:11]} 47. Kh4 {[%emt 0:02:44]} Rxh2+ {[%emt 0:00:38]} 48. Kg5 {[%emt 0:00:05]} Be3+ {[%emt 0:00:47]} 49. Kg6 {[%emt 0:00:10]} c5 {[%emt 0:00:10]} 50. Rf3 {[%emt 0:02:41]} Re2 {[%emt 0:01:34]} 51. c4+ {[%emt 0:11:21]} Kxc4 {[%emt 0:00:32]} 52. Kxh5 {[%emt 0:00:03]} Bd4 {[%emt 0:01:50]} 53. g4 {[%emt 0:00:18]} Re3 {[%emt 0:00:20]} 54. Rxe3 {[%emt 0:00:33]} Bxe3 {[%emt 0:00:05]} 55. g5 {[%emt 0:00:08]} Bd4 {[%emt 0:00:18]} 56. g6 {[%emt 0:01:04]} Kd5 {[%emt 0:00:09]} 57. Kg4 {[%emt 0:06:06]} c4 {[%emt 0:00:13]} 58. Kf3 {[%emt 0:00:13]} c3 {[%emt 0:00:05]} 59. Ke2 {[%emt 0:02:48]} Kc4 {[%emt 0:00:11]} 60. Bf8 {[%emt 0:01:07]} Bf6 {[%emt 0:00:37]} 61. Be7 {[%emt 0:02:46]} Bg7 {[%emt 0:00:06]} 62. Bd6 {[%emt 0:00:57]} Kb3 {[%emt 0:00:25]} 63. Kd3 {[%emt 0:00:26]} a3 {[%emt 0:00:17]} 64. Bxa3 {[%emt 0:00:09]} Kxa3 {[%emt 0:00:06]} 65. Kc2 {[%emt 0:00:17]} Kb4 {[%emt 0:00:06]} 66. Kd3 {[%emt 0:00:25]} 0-1

[Event "4NCL 2019-20"]
[Site "Daventry"]
[Date "2020.02.09"]
[Round "6"]
[White "Jackson, James P"]
[Black "Wells, Peter K"]
[Result "0-1"]
[WhiteElo "2392"]
[BlackElo "2390"]
[Annotator "TA"]
[PlyCount "96"]
[EventDate "2020.01.11"]
[EventCountry "ENG"]
[SourceTitle "playchess.com"]
[Source "ChessBase"]
[SourceQuality "1"]

{[%evp 39,95,0,0,0,0,0,0,0,0,0,0,0,0,0,0,0,0,0,0,0,0,0,0,12,16,-7,-10,-12,-6,-37,0,-16,14,-26,-27,-27,-39,-21,-6,-52,0,-61,-51,-58,-60,-176,-175,-225,-225,-225,-219,-219,-206,-190,-189,-263,-272,-29999]} 1. e4 e5 2. Nf3 Nc6 3. Bb5 a6 4. Ba4 Nf6 5. O-O Be7 6. Re1 b5 7. Bb3 d6 8. c3 O-O 9. h3 Bb7 10. d4 Re8 11. Ng5 Rf8 12. Nf3 Re8 13. Nbd2 Bf8 14. a4 h6 15. Bc2 exd4 16. cxd4 Nb4 17. Bb1 c5 18. d5 Nd7 19. Ra3 c4 20. Nd4 Qf6 21. N2f3 {C92: Closed Ruy Lopez: 9...Be6, Karpov and Flohr-Zaitsev Variations.} Nc5 22. axb5 axb5 23. Nxb5 {The position is equal.} Rxa3 24. Nxa3 Ba6 25. Re3 Nbd3 26. Bxd3 cxd3 27. b4 Nxe4 28. b5 Bb7 29. Qxd3 Qa1 30. Qb1 Qxb1 31. Nxb1 Rc8 {[#]} 32. Rxe4 $146 ({Predecessor:} 32. Re1 Nf6 33. Bd2 Nxd5 34. Rc1 Ra8 {½-½ (32) Anderson,B (2428)-Zejewski,P (2424) ICCF email 2018}) 32... Rxc1+ {[%mdl 64] [#] Double Attack} 33. Re1 Rc5 34. Nd4 g6 35. Nd2 {And now Ne4 would win.} Rxd5 36. N2f3 Rc5 37. Re8 Rc1+ 38. Kh2 Rb1 39. Kg3 Kg7 (39... Rb4 $15) 40. h4 (40. Nh4 $11) 40... Rb4 $15 41. Rb8 Be4 42. b6 (42. Kh3 $15) 42... d5 $19 {White must now prevent ...Bd6+.} 43. Rb7 {With the idea Ne6+.} Kf6 {Hoping for ...Bd6+.} 44. Rd7 {b7 is the strong threat.} Rxb6 45. Nd2 Bd6+ 46. Kh3 Bd3 47. g4 (47. g3 $142) 47... Bf4 48. N2f3 $2 {[#]} (48. g5+ $19 hxg5 49. hxg5+ Bxg5 50. N2f3) 48... Bf1# {Accuracy: White = 55%, Black = 85%.} 0-1

[Event "4NCL 2019-20"]
[Site "Daventry"]
[Date "2020.02.09"]
[Round "6"]
[White "Horton, Andrew P"]
[Black "Hill, Alistair"]
[Result "0-1"]
[WhiteElo "2380"]
[BlackElo "2217"]
[Annotator "TA"]
[PlyCount "64"]
[EventDate "2020.01.11"]
[EventCountry "ENG"]
[SourceTitle "playchess.com"]
[Source "ChessBase"]
[SourceQuality "1"]

{[%evp 20,167,12,18,0,0,29,-31,-3,-21,0,-41,-38,-51,-37,-45,-42,-55,-55,-57,-52,-56,-42,-97,-106,-156,-174,-164,-160,-168,-136,-231,-199,-253,-244,-292,-289,-288,-291,-266,-273,-278,-272,-308,-307,-326,-306,-304,-311,-297,-306,-306,-308,-293,-281,-323,-293,-266,-283,-283,-291,-276,-245,-237,-219,-219,-219,-219,-219,-202,-207,-207,-178,-165,-34,-34,-34,-34,-34,-89,-8,-8,-8,-8,-8,-34,-34,-34,-34,-34,-34,-29949,-29952,-29946,-29952,-29946,-29949,-11260,-4627,-29960,-29960,-29956,-29955,-29964,-29966,-29965,-29967,-29967,-29968,-29971,-29971,-29976,-29977,-29977,-29978,-29979,-29978,-29978,-29968,-29967,-29964,-29971,-29973,-29972,-29973,-29973,-29974,-29972,-29973,-29975,-29975,-29977,-29977,-29977,-29978,-29989,-29990,-29990,-29991,-29992,-29993,-29993,-29994,-29995,-29996,-29996,-29997,-29997,-29998,-29999]} 1. Nf3 Nf6 2. c4 c5 3. Nc3 d5 4. cxd5 Nxd5 5. g3 Nc6 6. Bg2 Nc7 7. O-O e5 8. d3 Be7 9. Nd2 O-O 10. Nc4 f6 11. f4 exf4 {A34: Symmetrical English: 2 Nc3, lines with ...d5.} 12. Bxf4 Be6 13. Rf2 {[#]} (13. Qb3 $11 Rb8 14. Qa4) 13... Qd7 $146 {Black is slightly better.} ({Predecessor:} 13... Nd5 14. Bd2 Rb8 15. a4 Qd7 16. Rc1 Rfd8 17. Ne4 Nb6 18. b3 Nd4 19. Bf4 Ra8 {½-½ (60) Botvinnik,I (2249)-Aginian,N (2170) Plovdiv 2003}) 14. Ne3 Rad8 15. Bxc7 Qxc7 16. Bd5 Bxd5 17. Nexd5 Qd7 18. Qa4 Kh8 19. Kh1 Bd6 20. Raf1 Be5 21. Qh4 (21. e4 $15) 21... Bd4 22. Rg2 Ne5 23. Qf4 Rde8 24. Qf5 Qc6 25. h3 (25. a4 $17 {might work better.}) 25... b5 26. a3 (26. Nf4 {was necessary.}) 26... a5 $19 27. Nf4 Bxc3 28. bxc3 g6 29. Qe4 Qxe4 30. dxe4 Nc4 31. Nd5 Rxe4 32. Ra1 Rd8 {Played: Nc4-e3} 0-1

[Event "4NCL 2019-20"]
[Site "Daventry"]
[Date "2020.02.09"]
[Round "6"]
[White "Ashton, Adam G"]
[Black "McClement, Andrew"]
[Result "1-0"]
[WhiteElo "2379"]
[BlackElo "2215"]
[Annotator "TA"]
[PlyCount "53"]
[EventDate "2020.01.11"]
[EventCountry "ENG"]
[SourceTitle "playchess.com"]
[Source "ChessBase"]
[SourceQuality "1"]

{[%evp 24,108,-11,-12,-20,-11,-11,-12,-6,-29,-25,-47,-38,-31,0,-30,4,-23,197,185,182,190,180,175,178,189,414,419,417,357,298,254,596,627,578,540,858,858,858,852,1158,1135,1009,870,866,807,984,717,29937,12849,12835,12794,7204,4148,1354,596,6187,5620,1644,1010,1033,1199,29942,29944,6902,8131,29950,2093,29947,29954,6099,1670,29959,12807,12812,12793,6637,6637,1884,1743,29989,29990,29991,29992,29998,29999,29999]} 1. e4 c5 2. Nf3 d6 3. Bb5+ Bd7 4. Bxd7+ Qxd7 5. O-O Nf6 6. Re1 Nc6 7. c3 e6 8. d4 cxd4 9. cxd4 d5 10. e5 Ne4 11. a3 Be7 12. Nbd2 Nxd2 13. Bxd2 O-O {B52: Sicilian: Moscow Variation with 3...Bd7.} 14. Rc1 Rfc8 15. Rc3 b5 {The position is equal.} 16. h4 b4 17. Rd3 bxa3 18. bxa3 Rab8 19. Nh2 {[#]} Rb2 $146 ({Wrong is} 19... Bxh4 $2 20. Qh5 $18) ({Predecessor:} 19... Qd8 20. Qg4 Na5 21. Bh6 g6 22. h5 Rb3 23. hxg6 hxg6 24. Rh3 Rxh3 25. Qxh3 Qc7 {½-½ (51) Krak,T (2268)-Pacher,M (2467) Pardubice 2018}) 20. Qg4 Rcb8 $2 {[#]} (20... Bf8 $11 {and Black has nothing to worry.}) 21. Bh6 $1 $18 {[%csl Gh6][%cal Rg4g7]} g6 {[#]} 22. Qf4 $1 Rb1 23. Rdd1 Rxd1 24. Rxd1 $40 {[%mdl 128] White has strong attack.} Bxa3 $2 (24... Qd8) 25. Ng4 Qd8 26. Nf6+ Kh8 {[#]} 27. h5 {Played: Nf6-d7} 1-0

[Event "4NCL 2019-20"]
[Site "Daventry"]
[Date "2020.02.09"]
[Round "6"]
[White "Willow, Jonah B"]
[Black "Lupulescu, Constantin"]
[Result "0-1"]
[WhiteElo "2377"]
[BlackElo "2649"]
[Annotator "TA"]
[PlyCount "82"]
[EventDate "2020.01.11"]
[EventCountry "ENG"]
[SourceTitle "playchess.com"]
[Source "ChessBase"]
[SourceQuality "1"]

{[%evp 18,82,8,9,31,19,32,0,0,0,0,0,93,70,79,70,87,62,71,81,64,82,77,34,51,62,45,17,68,0,12,-151,-140,-135,-138,-147,-137,-211,-148,-152,-153,-144,-122,-187,-187,-189,-145,-229,-229,-222,-222,-222,-222,-217,-202,-270,-258,-372,-327,-335,-335,-323,-338,-828,-1105,-943,-737]} 1. e4 c5 2. Nf3 Nc6 3. d4 cxd4 4. Nxd4 Nf6 5. Nc3 d6 6. g3 g6 7. Nde2 Bg7 8. Bg2 O-O 9. O-O Rb8 10. a4 b6 {B70: Sicilian Dragon: 6 g3 and 6 Be2 (without a later Be3).} 11. Nd5 Nd7 12. c3 Ba6 {The position is equal.} 13. Re1 e6 14. Ne3 {[#]} Nde5 $146 {[#]} (14... Nc5 $11 {keeps the balance.}) ({Predecessor:} 14... Qc7 15. Nd4 Nxd4 16. cxd4 Rbc8 17. Ra2 Bb7 18. b3 Nf6 19. f3 Rfd8 20. Ba3 Ne8 {0-1 (37) Voigt,M (2257)-Reeh,O (2420) Hamburg 1999}) 15. b4 $1 $16 {[%cal Rb4b5]} Bxe2 $1 16. Qxe2 a5 17. f4 Nd7 18. Bb2 Qc7 19. Red1 Rfd8 20. Nc4 Nf6 21. Na3 {aiming for Nb5.} Na7 22. Rac1 Rbc8 ({Black should play} 22... e5 $11) 23. Qa6 (23. Kh1 $14) 23... d5 24. c4 $2 (24. e5 $11 Ne4 25. Qd3) 24... dxe4 $17 25. Be5 Qe7 26. Qxb6 axb4 27. Nb5 (27. Nc2 $17) 27... Rxd1+ 28. Rxd1 {[#]} Nxb5 $1 29. axb5 Nd7 30. Qa7 (30. Qd4 $17 Nxe5 31. fxe5) 30... Qc5+ $19 31. Qxc5 Nxc5 32. Kf2 (32. Rb1 $17) 32... f5 33. Bf1 Bxe5 34. fxe5 {[%mdl 4096] Endgame KRB-KRN} b3 35. Ke3 Kf7 36. Be2 Ke7 37. Kd2 (37. Rb1 $142) 37... Na4 {And now ...Rd8+ would win.} 38. Rb1 Rd8+ 39. Ke1 Nc5 40. Rd1 $2 (40. h4) 40... Rxd1+ 41. Bxd1 g5 {Accuracy: White = 48%, Black = 90%.} 0-1

[Event "4NCL 2019-20"]
[Site "Daventry"]
[Date "2020.02.09"]
[Round "6"]
[White "Reimanis, Ritvars"]
[Black "Macklin, Paul"]
[Result "1-0"]
[WhiteElo "2370"]
[BlackElo "2341"]
[Annotator "ChessBase"]
[PlyCount "71"]
[EventDate "2020.01.11"]
[EventCountry "ENG"]
[SourceTitle "playchess.com"]
[Source "ChessBase"]
[SourceQuality "1"]
[TimeControl "40/6000:3000+30"]

1. d4 {[%emt 0:00:00]} Nf6 {[%emt 0:00:00]} 2. c4 {[%emt 0:00:00]} g6 {[%emt 0:00:00]} 3. Nc3 {[%emt 0:00:00]} Bg7 {[%emt 0:00:00]} 4. e4 {[%emt 0:00:00]} d6 {[%emt 0:00:00]} 5. Be2 {[%emt 0:00:00]} O-O {[%emt 0:00:00]} 6. Nf3 {[%emt 0:00:00]} Na6 {[%emt 0:03:41]} 7. O-O {[%emt 0:00:00]} e5 {[%emt 0:00:00]} 8. Be3 {[%emt 0:00:00]} c6 {[%emt 0:00:00]} 9. d5 {[%emt 0:00:00]} Ng4 {[%emt 0:01:30]} 10. Bg5 {[%emt 0:00:00]} f6 {[%emt 0:00:00]} 11. Bh4 {[%emt 0:00:00]} c5 {[%emt 0:00:17]} 12. Ne1 {[%emt 0:00:00]} Nh6 {[%emt 0:00:48]} 13. Nd3 {[%emt 0:05:55]} Nf7 {[%emt 0:03:59]} 14. a3 {[%emt 0:02:02]} b6 {[%emt 0:02:42]} 15. b4 {[%emt 0:03:54]} Bh6 {[%emt 0:04:22]} 16. bxc5 {[%emt 0:06:45]} bxc5 {[%emt 0:10:41]} 17. Qa4 {[%emt 0:00:33]} Kg7 {[%emt 0:05:34]} 18. Rab1 {[%emt 0:06:08]} Nc7 {[%emt 0:04:42]} 19. Rb2 {[%emt 0:07:21]} Bg5 {[%emt 0:11:28]} 20. Bxg5 {[%emt 0:03:27]} fxg5 {[%emt 0:00:00]} 21. g4 {[%emt 0:05:22]} Nh6 {[%emt 0:06:58]} 22. f3 {[%emt 0:00:42]} Ng8 {[%emt 0:02:43]} 23. Rd1 {[%emt 0:03:29]} Rf6 {[%emt 0:19:17]} 24. Rdb1 {[%emt 0:01:18]} Ba6 {[%emt 0:03:31]} 25. Nc1 {[%emt 0:00:06]} Ne7 {[%emt 0:02:17]} 26. Qa5 {[%emt 0:08:02]} Rf8 {[%emt 0:04:32]} 27. a4 {[%emt 0:02:12]} Nc8 {[%emt 0:05:22]} 28. Rb8 {[%emt 0:01:03]} Rxb8 {[%emt 0:00:00]} 29. Rxb8 {[%emt 0:00:00]} Qd7 {[%emt 0:00:30]} 30. Nb5 {[%emt 0:06:41]} Bxb5 {[%emt 0:01:34]} 31. Rb7 {[%emt 0:00:06]} Rf7 {[%emt 0:00:29]} 32. cxb5 {[%emt 0:04:40]} h5 {[%emt 0:00:00]} 33. h3 {[%emt 0:00:00]} h4 {[%emt 0:01:12]} 34. Nb3 {[%emt 0:05:54]} Kh6 {[%emt 0:00:00]} 35. Nd2 {[%emt 0:00:08]} Qe7 {[%emt 0:01:08]} 36. Kg2 {[%emt 0:00:23]} 1-0

[Event "4NCL 2019-20"]
[Site "Daventry"]
[Date "2020.02.09"]
[Round "6"]
[White "Kilpatrick, Callum"]
[Black "Chapman, Terry P D"]
[Result "1-0"]
[WhiteElo "2363"]
[BlackElo "2241"]
[Annotator "ChessBase"]
[PlyCount "57"]
[EventDate "2020.01.11"]
[EventCountry "ENG"]
[SourceTitle "playchess.com"]
[Source "ChessBase"]
[SourceQuality "1"]
[TimeControl "40/6000:3000+30"]

1. e4 {[%emt 0:04:20]} c6 {[%emt 0:00:00]} 2. Nf3 {[%emt 0:00:26]} d5 {[%emt 0:00:00]} 3. exd5 {[%emt 0:00:00]} cxd5 {[%emt 0:00:00]} 4. Ne5 {[%emt 0:00:00]} a6 {[%emt 0:19:48]} 5. d4 {[%emt 0:00:02]} g6 {[%emt 0:01:59]} 6. Bd3 {[%emt 0:08:25]} Bg7 {[%emt 0:02:23]} 7. c3 {[%emt 0:00:01]} f6 {[%emt 0:08:17]} 8. Ng4 {[%emt 0:05:05]} e5 {[%emt 0:03:28]} 9. dxe5 {[%emt 0:01:39]} fxe5 {[%emt 0:00:00]} 10. O-O {[%emt 0:00:44]} Qh4 {[%emt 0:05:17]} 11. Be2 {[%emt 0:14:23]} Be6 {[%emt 0:05:16]} 12. f4 {[%emt 0:13:36]} e4 {[%emt 0:09:31]} 13. Be3 {[%emt 0:10:08]} Nc6 {[%emt 0:00:44]} 14. Nd2 {[%emt 0:07:34]} h5 {[%emt 0:02:44]} 15. Bf2 {[%emt 0:01:47]} Qe7 {[%emt 0:00:40]} 16. Ne3 {[%emt 0:00:00]} Nh6 {[%emt 0:05:47]} 17. Nb3 {[%emt 0:05:44]} O-O-O {[%emt 0:00:31]} 18. Qe1 {[%emt 0:07:55]} g5 {[%emt 0:03:38]} 19. fxg5 {[%emt 0:00:00]} Qxg5 {[%emt 0:00:00]} 20. Nc5 {[%emt 0:00:00]} Rde8 {[%emt 0:03:56]} 21. Qd1 {[%emt 0:02:40]} Bf7 {[%emt 0:09:38]} 22. Qa4 {[%emt 0:05:10]} d4 {[%emt 0:01:47]} 23. cxd4 {[%emt 0:00:40]} Bxd4 {[%emt 0:05:42]} 24. Nxb7 {[%emt 0:00:00]} Kxb7 {[%emt 0:02:02]} 25. Bxa6+ {[%emt 0:00:00]} Kb6 {[%emt 0:01:16]} 26. Rac1 {[%emt 0:00:00]} Rc8 {[%emt 0:02:52]} 27. Bxc8 {[%emt 0:00:52]} Rxc8 {[%emt 0:00:00]} 28. Rxc6+ {[%emt 0:00:00]} Rxc6 {[%emt 0:00:00]} 29. Qxd4+ {[%emt 0:00:00]} 1-0

[Event "4NCL 2019-20"]
[Site "Daventry"]
[Date "2020.02.09"]
[Round "6"]
[White "Taylor, Adam C"]
[Black "Hebden, Mark L"]
[Result "0-1"]
[WhiteElo "2361"]
[BlackElo "2434"]
[Annotator "ChessBase"]
[PlyCount "78"]
[EventDate "2020.01.11"]
[EventCountry "ENG"]
[SourceTitle "playchess.com"]
[Source "ChessBase"]
[SourceQuality "1"]
[TimeControl "40/6000:3000+30"]

1. d4 {[%emt 0:00:00]} Nf6 {[%emt 0:00:00]} 2. c4 {[%emt 0:00:00]} g6 {[%emt 0:00:00]} 3. Nc3 {[%emt 0:00:00]} Bg7 {[%emt 0:00:00]} 4. e4 {[%emt 0:00:00]} d6 {[%emt 0:00:00]} 5. Nge2 {[%emt 0:00:00]} e5 {[%emt 0:01:00]} 6. d5 {[%emt 0:00:00]} a5 {[%emt 0:02:02]} 7. f3 {[%emt 0:03:09]} Na6 {[%emt 0:06:19]} 8. Be3 {[%emt 0:00:28]} Nc5 {[%emt 0:00:08]} 9. h4 {[%emt 0:12:58]} h5 {[%emt 0:01:53]} 10. Qd2 {[%emt 0:03:51]} Ng8 {[%emt 0:02:45]} 11. Bxc5 {[%emt 0:12:23]} dxc5 {[%emt 0:00:00]} 12. Rd1 {[%emt 0:00:00]} Nf6 {[%emt 0:09:49]} 13. Nb5 {[%emt 0:01:50]} O-O {[%emt 0:01:01]} 14. d6 {[%emt 0:02:07]} c6 {[%emt 0:01:36]} 15. Nc7 {[%emt 0:00:45]} Ra7 {[%emt 0:00:01]} 16. g3 {[%emt 0:07:06]} b6 {[%emt 0:01:15]} 17. Qg5 {[%emt 0:12:45]} Nh7 {[%emt 0:11:58]} 18. Qe3 {[%emt 0:00:39]} Qf6 {[%emt 0:01:58]} 19. Qb3 {[%emt 0:14:25]} Rb7 {[%emt 0:00:03]} 20. Kf2 {[%emt 0:00:00]} Qd8 {[%emt 0:06:39]} 21. Nc3 {[%emt 0:05:12]} Bd7 {[%emt 0:03:24]} 22. Na4 {[%emt 0:05:38]} Qb8 {[%emt 0:00:59]} 23. Bg2 {[%emt 0:05:30]} Rd8 {[%emt 0:05:17]} 24. Rd3 {[%emt 0:00:00]} Qa7 {[%emt 0:00:37]} 25. Nc3 {[%emt 0:04:10]} b5 {[%emt 0:02:48]} 26. Rd2 {[%emt 0:02:39]} Bh6 {[%emt 0:00:31]} 27. Re2 {[%emt 0:00:00]} Nf8 {[%emt 0:01:20]} 28. a4 {[%emt 0:02:43]} b4 {[%emt 0:00:15]} 29. Nb1 {[%emt 0:00:00]} Ne6 {[%emt 0:00:00]} 30. Nxe6 {[%emt 0:00:00]} Bxe6 {[%emt 0:00:00]} 31. Rd1 {[%emt 0:00:16]} Rbd7 {[%emt 0:00:00]} 32. f4 {[%emt 0:00:00]} Rxd6 {[%emt 0:00:07]} 33. Rxd6 {[%emt 0:00:00]} Rxd6 {[%emt 0:00:00]} 34. f5 {[%emt 0:00:00]} Bc8 {[%emt 0:00:00]} 35. Qf3 {[%emt 0:00:00]} Qd7 {[%emt 0:00:00]} 36. Bh3 {[%emt 0:00:47]} Rd3 {[%emt 0:00:00]} 37. Qh1 {[%emt 0:00:00]} Qd4+ {[%emt 0:00:22]} 38. Kg2 {[%emt 0:00:00]} Rd1 {[%emt 0:01:32]} 39. Re1 {[%emt 0:00:00]} Qxb2+ {[%emt 0:00:02]} 0-1

[Event "4NCL 2019-20"]
[Site "Daventry"]
[Date "2020.02.09"]
[Round "6"]
[White "Ledger, Andrew J"]
[Black "Wall, Gavin"]
[Result "0-1"]
[WhiteElo "2347"]
[BlackElo "2324"]
[Annotator "ChessBase"]
[PlyCount "98"]
[EventDate "2020.01.11"]
[EventCountry "ENG"]
[SourceTitle "playchess.com"]
[Source "ChessBase"]
[SourceQuality "1"]
[TimeControl "40/6000:3000+30"]

1. e4 {[%emt 0:00:00]} e5 {[%emt 0:49:05]} 2. Nf3 {[%emt 0:00:00]} d6 {[%emt 0:00:00]} 3. d4 {[%emt 0:00:00]} exd4 {[%emt 0:00:00]} 4. Nxd4 {[%emt 0:00:00]} Nf6 {[%emt 0:00:00]} 5. Nc3 {[%emt 0:00:00]} Be7 {[%emt 0:00:00]} 6. g3 {[%emt 0:00:00]} O-O {[%emt 0:00:00]} 7. Bg2 {[%emt 0:00:00]} Re8 {[%emt 0:00:00]} 8. O-O {[%emt 0:00:00]} Bf8 {[%emt 0:00:00]} 9. h3 {[%emt 0:00:00]} c6 {[%emt 0:00:00]} 10. a4 {[%emt 0:00:30]} Na6 {[%emt 0:00:00]} 11. Re1 {[%emt 0:01:37]} Nb4 {[%emt 0:00:00]} 12. Bf4 {[%emt 0:03:12]} h6 {[%emt 0:03:32]} 13. g4 {[%emt 0:06:35]} d5 {[%emt 0:01:32]} 14. e5 {[%emt 0:01:04]} Nh7 {[%emt 0:02:55]} 15. Qd2 {[%emt 0:08:47]} a5 {[%emt 0:04:34]} 16. Rad1 {[%emt 0:05:28]} f6 {[%emt 0:04:52]} 17. exf6 {[%emt 0:11:04]} Nxf6 {[%emt 0:00:00]} 18. Rxe8 {[%emt 0:08:30]} Qxe8 {[%emt 0:00:00]} 19. Re1 {[%emt 0:05:41]} Qg6 {[%emt 0:00:25]} 20. Re2 {[%emt 0:06:43]} Bc5 {[%emt 0:11:20]} 21. Nf3 {[%emt 0:04:51]} Qf7 {[%emt 0:07:45]} 22. Ne5 {[%emt 0:02:01]} Qf8 {[%emt 0:00:00]} 23. Bg3 {[%emt 0:03:00]} Bd7 {[%emt 0:01:32]} 24. Nd1 {[%emt 0:11:24]} Re8 {[%emt 0:01:28]} 25. c3 {[%emt 0:00:00]} Na6 {[%emt 0:00:00]} 26. Nxd7 {[%emt 0:04:53]} Nxd7 {[%emt 0:00:00]} 27. Ne3 {[%emt 0:00:16]} Bxe3 {[%emt 0:01:15]} 28. Rxe3 {[%emt 0:00:00]} Ndc5 {[%emt 0:03:46]} 29. Bd6 {[%emt 0:05:07]} Qf7 {[%emt 0:00:00]} 30. c4 {[%emt 0:00:14]} Ne4 {[%emt 0:00:47]} 31. Bxe4 {[%emt 0:00:00]} dxe4 {[%emt 0:00:00]} 32. Qxa5 {[%emt 0:01:41]} Qxc4 {[%emt 0:00:00]} 33. Qh5 {[%emt 0:01:41]} Re6 {[%emt 0:00:00]} 34. Ba3 {[%emt 0:00:32]} Qxa4 {[%emt 0:00:00]} 35. Qf5 {[%emt 0:00:10]} Qd1+ {[%emt 0:00:00]} 36. Kg2 {[%emt 0:00:00]} Qd5 {[%emt 0:00:00]} 37. Qf8+ {[%emt 0:00:00]} Kh7 {[%emt 0:00:00]} 38. Qf4 {[%emt 0:00:47]} c5 {[%emt 0:00:00]} 39. b3 {[%emt 0:00:14]} Re7 {[%emt 0:00:00]} 40. Kg3 {[%emt 0:00:38]} Nc7 {[%emt 0:00:32]} 41. Bb2 {[%emt 0:05:48]} Kg8 {[%emt 0:05:17]} 42. h4 {[%emt 0:09:48]} Qd1 {[%emt 0:02:34]} 43. g5 {[%emt 0:05:45]} Nd5 {[%emt 0:03:56]} 44. Qb8+ {[%emt 0:03:08]} Kh7 {[%emt 0:00:02]} 45. Qd6 {[%emt 0:06:16]} Qg1+ {[%emt 0:01:02]} 46. Kh3 {[%emt 0:00:00]} Nxe3 {[%emt 0:00:17]} 47. fxe3 {[%emt 0:00:21]} hxg5 {[%emt 0:00:35]} 48. h5 {[%emt 0:00:26]} Qxe3+ {[%emt 0:00:38]} 49. Kg2 {[%emt 0:00:06]} Rf7 {[%emt 0:00:12]} 0-1